Quiz : How Well Do You Know America? - Statistics

General Stats
  • This quiz has been taken 37 times
  • The average score is 10 of 13
Answer Stats
Question Answer % Correct
What is the current Currency of United States of America? Dollar
100%
What is the national bird of the United States? Bald Eagle
94%
Who was the first President of the United States George Washington
94%
Where is the Statue of Liberty located? New York City, New York
94%
What is the capital of the United States? Washington, D.C
94%
Where is Hollywood, the center of the American film industry, located? California
88%
How many stars are on the U.S. flag? 50
81%
What is the largest state in the U.S. by area? Alaska
69%
Which holiday is celebrated on the fourth Thursday of November? Thanksgiving
69%
What sport is known as "America's pastime"? Baseball
63%
Which war was fought by the North and South regions of the United States? Civil War
63%
Who invented the light bulb? Thomas Alva Edison
50%
How many amendments does the U.S. Constitution have? 27
38%
No matching quizzes found
Score Distribution
Percent of People with Each Score
Percentile by Number Answered
Your Score History
You have not taken this quiz